000
00279nam a22001217a 4500
008
181220b xxu||||| |||| 00| 0 eng d
041
_a
eng
080
_2
7th
_a
540
100
_a
12
101
_a
KIM
245
_a
Review of Physiological Chemistry
_c
Harper,H.A
942
_2
udc
_c
BK
999
_c
53547
_d
53547